000 00196nam a2200073Ia 4500
008 170617s9999 xx 000 0 und d
100 _aSharma-G.C
245 0 _aPractical Pharmaceutical Chemistry(II)&Viva
260 _bMumbai-Source
999 _c14975
_d14975